First and Last Letters: TV Quiz Stats

 Plays Quiz Updated Mar 11, 2019

Score 0/20 Timer 06:00
6 Plays Today
Letters TV Show % Correct
Sx ad te CySex and the City
99.4%
Sr Tk: Te Nt GnStar Trek: The Next Generation
85.2%
Cb Yr EmCurb Your Enthusiasm
84.2%
Xa: Wr PsXena: Warrior Princess
77.4%
Md MnMad Men
68.9%
Qm LpQuantum Leap
66.5%
Sh PkSouth Park
57.5%
Te Wt WgThe West Wing
54.9%
De Hr MDDoogie Howser, M.D.
48.4%
Te Rn ad Sy SwThe Ren and Stimpy Show
47.1%
Letters TV Show % Correct
MHM*A*S*H
44%
Te Oh Wy SwThe Oprah Winfrey Show
39.7%
Sa te Te WhSabrina, the Teenage Witch
38.9%
Te Ve DsThe Vampire Diaries
28.3%
Te Mt Na TsTeenage Mutant Ninja Turtles
24.2%
Ey Ls RdEverybody Loves Raymond
21.3%
Te As Fy The Addams Family
17.4%
FaFuturama
12.3%
Tu CgTru Calling
10.5%
Sb SsSpongeBob SquarePants
4.9%

You're not logged in!

Compare scores with friends on all Sporcle quizzes.
OR
Log In

Sporcle TV

Today on Sporcle TV


Watch our educational content, quiz creation guides, and fun videos on Sporcle TV.

Show Comments

Extras

Top Quizzes Today


Score Distribution

Your Account Isn't Verified!

In order to create a playlist on Sporcle, you need to verify the email address you used during registration. Go to your Sporcle Settings to finish the process.

Report this User

Report this user for behavior that violates our Community Guidelines.

Details: